Catálogo

Iberoamérica : (Registro nro. 62586)

Detalles MARC
000 -LEADER
fixed length control field 00717nam a2200229 u 4500
001 - CONTROL NUMBER
control field 62586
005 - DATE AND TIME OF LATEST TRANSACTION
control field 20180714064653.0
008 - FIXED-LENGTH DATA ELEMENTS--GENERAL INFORMATION
fixed length control field 150518s2007 mx r 000 0 spa d
020 ## - INTERNATIONAL STANDARD BOOK NUMBER
International Standard Book Number 968-12-1254-1
082 0# - DEWEY DECIMAL CLASSIFICATION NUMBER
Classification number 980
Item number MAZ
100 1# - MAIN ENTRY--PERSONAL NAME
Personal name Mazín, Óscar
Relator term autor
245 10 - TITLE STATEMENT
Title Iberoamérica :
Remainder of title del descubrimiento a la independencia /
Statement of responsibility, etc. Ã’scar Mazín.
250 ## - EDITION STATEMENT
Edition statement Primera edición
264 #1 - PRODUCTION, PUBLICATION, DISTRIBUTION, MANUFACTURE, AND COPYRIGHT NOTICE
Place of production, publication, distribution, manufacture México :
Name of producer, publisher, distributor, manufacturer El Colegio de México ;
Date of production, publication, distribution, manufacture, or copyright notice 2007
300 ## - PHYSICAL DESCRIPTION
Extent 332 páginas : ;
Dimensions 22 cm.
336 ## - CONTENT TYPE
Content type term texto
Source rdacontent
337 ## - MEDIA TYPE
Media type term sin mediación
Source rdamedia
338 ## - CARRIER TYPE
Carrier type term volumen
Source rdacarrier
490 0# - SERIES STATEMENT
Series statement Colección Tramas
650 #0 - SUBJECT ADDED ENTRY--TOPICAL TERM
Topical term or geographic name entry element América Latina
General subdivision Historia
-- Hasta 1830
700 1# - ADDED ENTRY--PERSONAL NAME
Personal name Romo, Gayol.
Existencias
Withdrawn status Lost status Source of classification or shelving scheme Damaged status Not for loan Collection code Home library Current library Shelving location Date acquired Source of acquisition Inventory number Total Checkouts Full call number Barcode Date last seen Date last checked out Price effective from Koha item type
    Dewey Decimal Classification     General Biblioteca Karol Wojtyla Biblioteca Karol Wojtyla Sala general 18/05/2015 Compra 151000000000000000038399 1 980 MAZ 2007 92583 05/01/2026 14/04/2023 18/05/2015 Libro